<?xml version="1.0" encoding="UTF-8"?>
<marc:record xmlns:marc="http://www.loc.gov/MARC21/slim">
   <marc:leader>00000nam a2200000 a 4500</marc:leader>
   <marc:datafield ind1=" " ind2=" " tag="653">
      <marc:subfield code="a">DVD-Video</marc:subfield>
   </marc:datafield>
   <marc:datafield ind1=" " ind2=" " tag="653">
      <marc:subfield code="a">Biographisches</marc:subfield>
   </marc:datafield>
   <marc:datafield ind1="0" ind2="0" tag="245">
      <marc:subfield code="a">Hitchcock</marc:subfield>
   </marc:datafield>
   <marc:datafield ind1=" " ind2="1" tag="264">
      <marc:subfield code="b">20th Century Fox Home Entertainment</marc:subfield>
      <marc:subfield code="c">2012</marc:subfield>
   </marc:datafield>
   <marc:datafield ind1="1" ind2=" " tag="520">
      <marc:subfield code="a">Darsteller: Sir Anthony Hopkins, Helen Mirren, Scarlett Johansson, Danny Huston, Toni Collette, Jessica Biel, James D'Arcy
 Regisseur(e): Sacha Gervasi
Als Alfred Hitchcock (Anthony Hopkins) das Buch Psycho in die Hände fällt, ist er überzeugt, einen grandiosen Filmstoff entdeckt zu haben, doch die Filmbranche ist skeptisch. Er beschließt, das Projekt dennoch zu wagen und den Film aus eigener Tasche zu finanzieren. Es folgt die turbulente Geschichte um die Produktion von Psycho, mit ungeduldigen Studiobossen, einem Buch-Protagonisten, der Hitchcock bis nach Hause verfolgt und der Liebesgeschichte zwischen Alfred und seiner Frau Alma (Helen Mirren). 
¬Der¬ blinde Banker
¬Das¬ grosse Spiel
¬Ein¬ Fall von Pink</marc:subfield>
   </marc:datafield>
   <marc:datafield ind1="3" ind2=" " tag="024">
      <marc:subfield code="a">4010232060242</marc:subfield>
   </marc:datafield>
</marc:record>
